Gandhi and philosophy (Record no. 1227356)

MARC details
000 -LEADER
fixed length control field 00595nam a2200217Ia 4500
005 - DATE AND TIME OF LATEST TRANSACTION
control field 20241129110120.0
008 - FIXED-LENGTH DATA ELEMENTS--GENERAL INFORMATION
fixed length control field 241129s9999||||xx |||||||||||||| ||und||
020 ## - INTERNATIONAL STANDARD BOOK NUMBER
International Standard Book Number 978-8455-668-1
037 ## - SOURCE OF ACQUISITION
Stock number TB
040 ## - CATALOGING SOURCE
Original cataloging agency ARTS
Language of cataloging eng
Transcribing agency ARTS
041 ## - LANGUAGE CODE
Language code of text/sound track or separate title eng
Source of code eng
084 ## - COLON CLASSIFICATION NUMBER
Classification number V2y7M69 Q8
Assigning agency ARTS
100 ## - MAIN ENTRY--PERSONAL NAME
Personal name Kashap R. K. Ed.
9 (RLIN) 727254
245 #0 - TITLE STATEMENT
Title Gandhi and philosophy
Statement of responsibility, etc. Kashap R. K. Ed.
260 ## - PUBLICATION, DISTRIBUTION, ETC.
Place of publication, distribution, etc. New Delhi, India
Name of publisher, distributor, etc. New Omega Publications
Date of publication, distribution, etc. 2016
300 ## - PHYSICAL DESCRIPTION
Extent vi,288p.
365 ## - TRADE PRICE
Price type code INR
Price amount 995
650 ## - SUBJECT ADDED ENTRY--TOPICAL TERM
Topical term or geographic name entry element History-India
942 ## - ADDED ENTRY ELEMENTS (KOHA)
Koha item type Textbook
Classification part V2y7M69 Q8
Holdings
Withdrawn status Lost status Damaged status Not for loan Home library Current library Date acquired Source of acquisition Cost, normal purchase price Inventory number Total Checkouts Full call number Barcode Date last seen Price effective from Koha item type
        Arts Library Arts Library 2024-11-29 Pratibha Book Distributors 995.00 PBD/154/23 & 29/12/2023   V2y7M69 Q8 AL1803390 2024-11-29 2024-11-29 Textbook
Copyright @ Delhi University Library System